| Tag |
First Indicator |
Second Indicator |
Subfields |
| LEADER |
00000cam a2200000 4500 |
| 001 |
in00000065206 |
| 005 |
20151008051814.0 |
| 008 |
770709s1959 nz a b 00000 eng |
| 010 |
|
|
|a 59004584
|
| 035 |
|
|
|a (OCoLC)03103012
|
| 035 |
|
|
|9 AAH0085AM
|
| 040 |
|
|
|a DLC
|c OCP
|d TXA
|d UtOrBLW
|
| 049 |
|
|
|a TXAM
|c [331091]
|
| 050 |
|
0 |
|a HC622
|b .W4
|
| 082 |
0 |
|
|a 330.9931
|
| 092 |
|
|
|a 330.9931
|b W538p
|
| 100 |
1 |
|
|a Weststrate, Cornelis.
|
| 245 |
1 |
0 |
|a Portrait of a modern mixed economy :
|b New Zealand.
|
| 264 |
|
1 |
|a Wellington :
|b New Zealand University Press,
|c 1959.
|
| 300 |
|
|
|a 310 pages :
|b illustrations ;
|c 23 cm.
|
| 336 |
|
|
|a text
|b txt
|2 rdacontent
|
| 337 |
|
|
|a unmediated
|b n
|2 rdamedia
|
| 338 |
|
|
|a volume
|b nc
|2 rdacarrier
|
| 504 |
|
|
|a Includes bibliography.
|
| 651 |
|
0 |
|a New Zealand
|x Economic conditions.
|
| 999 |
|
|
|a MARS
|
| 999 |
f |
f |
|s 75ff533a-604b-396e-bfb1-e5d736921120
|i ed9f90a9-c37b-3156-97b9-bcb447a4bd0d
|t 0
|
| 952 |
f |
f |
|p ric
|a Texas A&M University
|b Rellis Campus
|c Joint Library Facility
|d Remote Storage
|t 0
|e HC622 .W4
|h Library of Congress classification
|i unmediated -- volume
|m A14800710783
|
| 998 |
f |
f |
|a HC622 .W4
|t 0
|l Remote Storage
|